000 00336nam a22001457a 4500
008 221102b ||||| |||| 00| 0 eng d
020 _a047081229
041 _aeng
080 _a159.9
082 _a159.9 SOL
100 _a24.1
101 _aPSI
245 _aCONTEMPORARY ISSUES IN COGNITIVE PSYCHOLOGY
_cSOLSO R
942 _2udc
_cBK
999 _c58714
_d58714